Paroles - Félicie aussi (Fernandel) - Statistiques

Statistiques générales
  • Ce quiz a été pris 28 fois
  • Le résultat moyen est 108 sur 229
Statistiques - réponses
Réponse % Correct
aussi
96%
d'
96%
de
96%
Félicie
96%
C'
92%
du
88%
Elle
84%
elle
84%
j'
84%
J'
84%
un
84%
Un
84%
ai
80%
L'
80%
est
76%
Et
76%
et
76%
Je
76%
la
76%
76%
qu'
76%
Il
72%
poil
72%
une
72%
aux
68%
avait
64%
dans
64%
Dans
64%
le
64%
pattes
64%
les
60%
Que
60%
me
56%
Me
56%
en
52%
suis
52%
sur
52%
était
48%
faisait
48%
ma
48%
moi
48%
bois
44%
Boulogne
44%
coin
44%
homard
44%
rencontré
44%
assis
40%
On
40%
quand
36%
Taxi
36%
l'herbe
32%
sauce
32%
près
28%
tomate
28%
tout
28%
arrivai
24%
arrivait
24%
Bourgogne
24%
Car
24%
Comme
24%
dit
24%
drôle
24%
pris
24%
Sous
24%
superbe
24%
temps
24%
toute
24%
y
24%
avec
20%
bancale
20%
conversation
20%
engager
20%
guiboles
20%
occasion
20%
tête
20%
trouvai
20%
tu
20%
aurait
16%
chambre
16%
draps
16%
fuite
16%
lavabo
16%
arbres
12%
bien
12%
bourgeonnent
12%
boutonnent
12%
cale
12%
Chartier
12%
chatouillaient
12%
chez
12%
cloche
12%
cochon
12%
conquête
12%
délicate
12%
fine
12%
grillé
12%
gueules
12%
hôtel
12%
loup
12%
mains
12%
mien
12%
molles
12%
pied
12%
prit
12%
réuni
12%
sien
12%
vite
12%
Afin
8%
Alors
8%
andouille
8%
Calvados
8%
chatte
8%
clocher
8%
dîner
8%
embaumait
8%
fit
8%
gibelotte
8%
J'lui
8%
J'pensais
8%
l'échalote
8%
l'emmenai
8%
l'hôtel
8%
lui
8%
pendant
8%
petite
8%
pleine
8%
poussière
8%
proche
8%
Puis
8%
séduire
8%
sonnait
8%
toiles
8%
voudras
8%
Abyssinie
4%
Aramon
4%
emmenai
4%
mangeait
4%
m'lavai
4%
m'offris
4%
murmura
4%
nouilles
4%
ordinaire
4%
plat
4%
sorte
4%
0%
0%
0%
0%
l'amoire
0%
tournant
0%
Aucun quiz correspondant
Distribution des résultats
% des personnes avec chaque résultat
Percentile par nombre de réponses
Votre historique - résultats
Vous n’avez pas pris ce quiz